| 000 | 00554nam a2200229Ia 4500 | ||
|---|---|---|---|
| 003 | OSt | ||
| 005 | 20231004160820.0 | ||
| 008 | 210210b1952 xxu||||| |||| 00| 0 eng d | ||
| 040 | _cAL | ||
| 041 | _aeng | ||
| 082 | _a516/132 | ||
| 100 |
_aSUBRAMANIAM (P R) _9136045 |
||
| 245 | _aMechanics statics and dynamics | ||
| 260 |
_aTiruchinapalli _b- _c1952 |
||
| 650 |
_astatics _9136046 |
||
| 650 |
_aMechanics _9136047 |
||
| 650 |
_adynamics _9136048 |
||
| 650 |
_aand _9136049 |
||
| 690 |
_aMechanics _9136047 |
||
| 906 | _a007848 | ||
| 942 |
_2ddc _cBK |
||
| 999 |
_c140706 _d140706 |
||